The implementation of national planning policy guidance (PPG7) in relation to the diversification of farm business : final report (Record no. 101774)
[ view plain ]
| 000 -LEADER | |
|---|---|
| fixed length control field | 02356cam a2200301 4500 |
| 008 - FIXED-LENGTH DATA ELEMENTS--GENERAL INFORMATION | |
| fixed length control field | 011116n2001 000 0 eng u |
| 020 ## - INTERNATIONAL STANDARD BOOK NUMBER | |
| International Standard Book Number | 1851125116 |
| 035 ## - SYSTEM CONTROL NUMBER | |
| System control number | (Sirsi) u115618 |
| 050 ## - LIBRARY OF CONGRESS CALL NUMBER | |
| Classification number | 711.554 |
| 110 ## - MAIN ENTRY--CORPORATE NAME | |
| Corporate name or jurisdiction name as entry element | Department for Transport, Local Government and the Regions |
| 9 (RLIN) | 4091 |
| 245 #4 - TITLE STATEMENT | |
| Title | The implementation of national planning policy guidance (PPG7) in relation to the diversification of farm business : final report |
| 260 ## - PUBLICATION, DISTRIBUTION, ETC. | |
| Place of publication, distribution, etc. | London |
| Name of publisher, distributor, etc. | DTLR |
| Date of publication, distribution, etc. | 2001 |
| 300 ## - PHYSICAL DESCRIPTION | |
| Extent | 234p. |
| Dimensions | 30cm. |
| 350 ## - PRICE (NR) (BK AM CF MU VM SE) [OBSOLETE] | |
| Price | 24.00 |
| 520 ## - SUMMARY, ETC. | |
| Summary, etc. | Sets out the findings of research into the application of PPG7 to development plans for, and planning decisions in, rural areas,identifying best practice. The report's recommendations include: a clearer, more flexible, definition of sustainable farm diversification; recognition of the need for different approaches in different areas; consideration of how farm business development plans and environmental protection plans might be used to support planning applications; the development of a clear vision of integrated rural development by local authorities; criteria based planning polices for farm diversification; that development plans should address the scale of development appropriate for the area and how this should relate to working farms; that the value of pre-application advice should be considered in 'best value' reviews of planning services; the consistent linking of pre and post-application advice; training for development control officers in farm diversification; coordination between planning authorities and other bodies offering assistance and advice on farm diversification; the establishment of first stop shops for planning and economic development advice; closer partnerships between local authorities and the farming community; written advice on how farm diversification applications will be dealt with; and taking planning advice out to the farming community. |
| 650 ## - SUBJECT ADDED ENTRY--TOPICAL TERM | |
| Topical term or geographic name entry element | FARM DIVERSIFICATION |
| 650 ## - SUBJECT ADDED ENTRY--TOPICAL TERM | |
| Topical term or geographic name entry element | PLANNING POLICY GUIDANCE NOTE 7 |
| 650 ## - SUBJECT ADDED ENTRY--TOPICAL TERM | |
| Topical term or geographic name entry element | PLANNING POLICY GUIDANCE NOTE 7 |
| 650 ## - SUBJECT ADDED ENTRY--TOPICAL TERM | |
| Topical term or geographic name entry element | PLANNING SYSTEM |
| 650 ## - SUBJECT ADDED ENTRY--TOPICAL TERM | |
| Topical term or geographic name entry element | PPG7 |
| 650 ## - SUBJECT ADDED ENTRY--TOPICAL TERM | |
| Topical term or geographic name entry element | RURAL DIVERSIFICATION |
| 650 ## - SUBJECT ADDED ENTRY--TOPICAL TERM | |
| Topical term or geographic name entry element | RURAL PLANNING |
| 690 ## - LOCAL SUBJECT ADDED ENTRY--TOPICAL TERM (OCLC, RLIN) | |
| Topical term or geographic name as entry element | PLANNING |
| 710 ## - ADDED ENTRY--CORPORATE NAME | |
| Corporate name or jurisdiction name as entry element | Land Use Consultants |
| 9 (RLIN) | 3228 |
| 710 ## - ADDED ENTRY--CORPORATE NAME | |
| Corporate name or jurisdiction name as entry element | University of the West of England |
| 9 (RLIN) | 3479 |
| 710 ## - ADDED ENTRY--CORPORATE NAME | |
| Corporate name or jurisdiction name as entry element | Royal Agricultural College |
| 9 (RLIN) | 17 |
| 942 ## - ADDED ENTRY ELEMENTS (KOHA) | |
| Suppress in OPAC | 0 |
| Withdrawn status | Lost status | Source of classification or shelving scheme | Damaged status | Not for loan | Home library | Current library | Shelving location | Date acquired | Cost, normal purchase price | Total Checkouts | Full call number | Barcode | Date last seen | Date last checked out | Copy number | Cost, replacement price | Price effective from | Koha item type |
|---|---|---|---|---|---|---|---|---|---|---|---|---|---|---|---|---|---|---|
| Dewey Decimal Classification | London | London | Folio | 18/01/2002 | 24.00 | 5 | F711.554 DEP | 30065232 | 06/08/2019 | 28/03/2006 | 1 | 24.00 | 06/08/2019 | Book |